<?xml version="1.0" encoding="UTF-8"?>
<marc:record xmlns:marc="http://www.loc.gov/MARC21/slim">
   <marc:leader>00000nam a2200000 a 4500</marc:leader>
   <marc:datafield ind1="1" ind2=" " tag="100">
      <marc:subfield code="a">Lüftner, Kai</marc:subfield>
      <marc:subfield code="4">ctb</marc:subfield>
      <marc:subfield code="e">Mitwirkende/-r</marc:subfield>
   </marc:datafield>
   <marc:datafield ind1=" " ind2=" " tag="653">
      <marc:subfield code="a">Kassette / Kinder- und Jugendbücher/Kinderbücher bis 11 Jahre</marc:subfield>
   </marc:datafield>
   <marc:datafield ind1=" " ind2=" " tag="653">
      <marc:subfield code="a">CD</marc:subfield>
   </marc:datafield>
   <marc:datafield ind1="0" ind2="0" tag="245">
      <marc:subfield code="a">Pippa</marc:subfield>
   </marc:datafield>
   <marc:datafield ind1="0" ind2="0" tag="245">
      <marc:subfield code="c">Barbara van den Speulhof. Sprecherin Cathlen Gawlich</marc:subfield>
   </marc:datafield>
   <marc:datafield ind1=" " ind2="1" tag="264">
      <marc:subfield code="a">Berlin</marc:subfield>
      <marc:subfield code="b">DAV</marc:subfield>
      <marc:subfield code="c">2013</marc:subfield>
   </marc:datafield>
   <marc:datafield ind1="1" ind2=" " tag="520">
      <marc:subfield code="a">Angaben aus der Verlagsmeldung

Pippa, die Elfe Emilia und die Käsekuchenschlacht / von Barbara van den Speulhof

Elfe Emilia bringt Pippas Welt ganz schön durcheinander. Nicht nur, dass sie ständig Abenteuer erleben und Glückswürmchen fangen möchte. Sie bringt Pippa auch auf die Idee mit dem Senf im Schuh, um sich an ihrer zickigen Banknachbarin Inga zu rächen. Dass sich daraus eine wilde Käsekuchenschlacht entwickelt, konnte keiner ahnen. Und dass aus Pippa und Inga schließlich Freundinnen werden, auch nicht.
Das zweite Abenteuer von Pippa und ihrer übermütigen Elfenfreundin Emilia – mitreißend und humorvoll gelesen von Cathlen Gawlich.
</marc:subfield>
   </marc:datafield>
   <marc:datafield ind1=" " ind2=" " tag="020">
      <marc:subfield code="a">9783862312450</marc:subfield>
      <marc:subfield code="9">9783862312450</marc:subfield>
   </marc:datafield>
   <marc:datafield ind1=" " ind2=" " tag="041">
      <marc:subfield code="a">ger</marc:subfield>
   </marc:datafield>
   <marc:datafield ind1=" " ind2=" " tag="300">
      <marc:subfield code="a">2 CDs (ca. 150 Min.)</marc:subfield>
   </marc:datafield>
</marc:record>
